<?xml version="1.0" encoding="UTF-8"?>
<collection xmlns="http://www.loc.gov/MARC21/slim">
 <record>
  <leader>     na                 </leader>
  <controlfield tag="001">INLIS000000000698052</controlfield>
  <controlfield tag="005">20251230043932</controlfield>
  <datafield tag="035" ind1=" " ind2=" ">
   <subfield code="a">0010-0925000002</subfield>
  </datafield>
  <controlfield tag="007">ta</controlfield>
  <datafield tag="100" ind1="0" ind2=" ">
   <subfield code="a">Anasrullah</subfield>
  </datafield>
  <datafield tag="245" ind1="1" ind2=" ">
   <subfield code="a">Ngerumat Sumber :</subfield>
   <subfield code="b">Jejak Air dalam Kebudayaan Osing /</subfield>
   <subfield code="c">Anasrullah, Dinda Anggun Lestari, Venedio Nala Ardisa, Angga Brilyan Wibisono; Editor Wiwin Indarti</subfield>
  </datafield>
  <datafield tag="250" ind1=" " ind2=" ">
   <subfield code="a">Cet. 1</subfield>
  </datafield>
  <datafield tag="300" ind1=" " ind2=" ">
   <subfield code="a">xxiv, 154 hlm. :</subfield>
   <subfield code="b">ilus. ;</subfield>
   <subfield code="c">13,5 x 20 cm</subfield>
  </datafield>
  <datafield tag="020" ind1=" " ind2=" ">
   <subfield code="a">978-634-96102-7-8</subfield>
  </datafield>
  <datafield tag="260" ind1=" " ind2=" ">
   <subfield code="a">Yogyakarta :</subfield>
   <subfield code="b">Penerbit Mega Cakrawala,</subfield>
   <subfield code="c">2025</subfield>
  </datafield>
  <datafield tag="520" ind1=" " ind2=" ">
   <subfield code="a">Buku Ngerumat Sumber - Jejak Air dalam Kebudayaan Osing lahir dari sebuah kesadaran kolektif: bahwa air tidak pernah sekedar menjadi persoalan teknis, melainkan selalu berkelindan dengfan kehidupan, kebudayaan, dan spiritualitas. Bagi masyarakat adat Osing di Banyuwangi, sumber air bukan hanya tempat orang datang untuk memenuhi kebutuhan jasmani, tetapi juga ruang tempat cerita leluhur dituturkan, doa dipanjatkan, dan ritus dijalankan. Mata air menjadi nadi kehidupan yang menghubungkan manusia dengan alam, manusia dengan leluhur, serta manusia dengan generasi yang akan datang.</subfield>
  </datafield>
  <datafield tag="650" ind1=" " ind2="4">
   <subfield code="a">Sejarah</subfield>
  </datafield>
  <datafield tag="700" ind1="0" ind2=" ">
   <subfield code="a">Dinda Anggun Lestari, Venedio Nala Ardisa, Angga Brilyan Wibisono</subfield>
  </datafield>
  <controlfield tag="008">251230                g          0 ind  </controlfield>
  <datafield tag="082" ind1=" " ind2=" ">
   <subfield code="a">959.828 82</subfield>
  </datafield>
  <datafield tag="084" ind1=" " ind2=" ">
   <subfield code="a">959.828 82 ANA n</subfield>
  </datafield>
 </record>
</collection>
